<?xml version="1.0" encoding="UTF-8"?>
<collection xmlns="http://www.loc.gov/MARC21/slim">
<record>
  <controlfield tag="001">162379</controlfield>
  <controlfield tag="005">20251017144654.0</controlfield>
  <datafield tag="024" ind1="7" ind2=" ">
    <subfield code="2">doi</subfield>
    <subfield code="a">10.1002/jad.70018</subfield>
  </datafield>
  <datafield tag="024" ind1="8" ind2=" ">
    <subfield code="2">sideral</subfield>
    <subfield code="a">144836</subfield>
  </datafield>
  <datafield tag="037" ind1=" " ind2=" ">
    <subfield code="a">ART-2025-144836</subfield>
  </datafield>
  <datafield tag="041" ind1=" " ind2=" ">
    <subfield code="a">eng</subfield>
  </datafield>
  <datafield tag="100" ind1=" " ind2=" ">
    <subfield code="a">Fernández-Catalán, Guillem</subfield>
    <subfield code="u">Universidad de Zaragoza</subfield>
    <subfield code="0">(orcid)0009-0008-6480-5867</subfield>
  </datafield>
  <datafield tag="245" ind1=" " ind2=" ">
    <subfield code="a">The Mediation Role of Emotional Symptoms Between Impulsivity Traits and Problematic Gaming Behavior in Adolescents</subfield>
  </datafield>
  <datafield tag="260" ind1=" " ind2=" ">
    <subfield code="c">2025</subfield>
  </datafield>
  <datafield tag="506" ind1="0" ind2=" ">
    <subfield code="a">Access copy available to the general public</subfield>
    <subfield code="f">Unrestricted</subfield>
  </datafield>
  <datafield tag="520" ind1="3" ind2=" ">
    <subfield code="a">Introduction Gaming is a global activity of which the largest number of players are adolescents. Although some studies have shown the risks of gaming, very little is known about the association between the proposed video game addiction and the temperamental traits or behavioral (internalizing/externalizing) problems that lead adolescents to problematic gaming. The objective of this study was to develop and validate a model that explains the mediation effect of I/E problems on the effect of impulsivity traits on adolescents' gaming addiction. Methods: This cross‐sectional study involved 850 Spanish adolescents (53.88% girls) aged 15–17 (M = 15.59, SD = 0.69) who completed self‐report measures through an online survey. Problematic gaming was assessed using the Internet Gaming Disorder Scale‐Short Form. Impulsivity was measured through the Short version of the UPPS‐P Impulsive Behavior Scale, and internalizing/externalizing problems were evaluated using The Strengths and Difficulties Questionnaire. Mediational path analysis was performed to assess the main objective. Results: Problematic gaming behavior was observed among adolescents; however, only 0.12% met the diagnostic criteria for gaming addiction. Direct effects on gaming were obtained for both specific internalizing/externalizing problems (emotional/conduct problems) and impulsivity traits (lack of perseverance/general urgency). Main finding was that lower levels of general urgency, but not of any other impulsivity trait, were associated with higher levels of emotional symptoms that, in turn, were positively associated with higher levels of problematic gaming behavior. Conclusion: This study generally advances our understanding of problematic gaming behavior and its relation with temperamental traits and behavioral problems in adolescence.</subfield>
  </datafield>
  <datafield tag="540" ind1=" " ind2=" ">
    <subfield code="9">info:eu-repo/semantics/openAccess</subfield>
    <subfield code="a">by-nc-nd</subfield>
    <subfield code="u">https://creativecommons.org/licenses/by-nc-nd/4.0/deed.es</subfield>
  </datafield>
  <datafield tag="655" ind1=" " ind2="4">
    <subfield code="a">info:eu-repo/semantics/article</subfield>
    <subfield code="v">info:eu-repo/semantics/publishedVersion</subfield>
  </datafield>
  <datafield tag="700" ind1=" " ind2=" ">
    <subfield code="a">Modrego-Alarcón, Marta</subfield>
    <subfield code="u">Universidad de Zaragoza</subfield>
    <subfield code="0">(orcid)0000-0003-1575-7738</subfield>
  </datafield>
  <datafield tag="700" ind1=" " ind2=" ">
    <subfield code="a">Sánchez-Pérez, Noelia</subfield>
    <subfield code="u">Universidad de Zaragoza</subfield>
    <subfield code="0">(orcid)0000-0002-6112-9639</subfield>
  </datafield>
  <datafield tag="700" ind1=" " ind2=" ">
    <subfield code="a">Alcaraz-Iborra, Manuel</subfield>
    <subfield code="u">Universidad de Zaragoza</subfield>
  </datafield>
  <datafield tag="710" ind1="2" ind2=" ">
    <subfield code="1">4001</subfield>
    <subfield code="2">215</subfield>
    <subfield code="a">Universidad de Zaragoza</subfield>
    <subfield code="b">Dpto. Ciencias de la Educación</subfield>
    <subfield code="c">Área Didáctica y Organiz. Esc.</subfield>
  </datafield>
  <datafield tag="710" ind1="2" ind2=" ">
    <subfield code="1">4009</subfield>
    <subfield code="2">735</subfield>
    <subfield code="a">Universidad de Zaragoza</subfield>
    <subfield code="b">Dpto. Psicología y Sociología</subfield>
    <subfield code="c">Área Psicolog.Evolut.Educac</subfield>
  </datafield>
  <datafield tag="773" ind1=" " ind2=" ">
    <subfield code="g">(2025), [10 pp.]</subfield>
    <subfield code="p">J. adolesc.</subfield>
    <subfield code="t">JOURNAL OF ADOLESCENCE</subfield>
    <subfield code="x">0140-1971</subfield>
  </datafield>
  <datafield tag="856" ind1="4" ind2=" ">
    <subfield code="s">393192</subfield>
    <subfield code="u">http://zaguan.unizar.es/record/162379/files/texto_completo.pdf</subfield>
    <subfield code="y">Versión publicada</subfield>
  </datafield>
  <datafield tag="856" ind1="4" ind2=" ">
    <subfield code="s">2208964</subfield>
    <subfield code="u">http://zaguan.unizar.es/record/162379/files/texto_completo.jpg?subformat=icon</subfield>
    <subfield code="x">icon</subfield>
    <subfield code="y">Versión publicada</subfield>
  </datafield>
  <datafield tag="909" ind1="C" ind2="O">
    <subfield code="o">oai:zaguan.unizar.es:162379</subfield>
    <subfield code="p">articulos</subfield>
    <subfield code="p">driver</subfield>
  </datafield>
  <datafield tag="951" ind1=" " ind2=" ">
    <subfield code="a">2025-10-17-14:37:35</subfield>
  </datafield>
  <datafield tag="980" ind1=" " ind2=" ">
    <subfield code="a">ARTICLE</subfield>
  </datafield>
</record>
</collection>